000 00484cam a2200181ua 4500
020 _cRs 5.00
041 _amal
_h
082 _a894.812 09
_bNAR/KE
100 _aNarayana Panikker, R .
245 _aKerala Bhasha Sahitya Charitram /
_cR Narayana Panikker.
_hTextual Documents
250 _a2 /
_b.
260 _aThiruvananthapuram :
_bVidyavilasini Book Depot ,
_c1956.
300 _a428 ; .
365 _aRs 5.00
504 _a
942 _cBK
999 _c4136
_d4136